Encyclopedia of organisation and human resource management (Record no. 3991)
[ view plain ]
| 000 -LEADER | |
|---|---|
| fixed length control field | 00713nam a22002657a 4500 |
| 003 - CONTROL NUMBER IDENTIFIER | |
| control field | Nust |
| 005 - DATE AND TIME OF LATEST TRANSACTION | |
| control field | 20170105101617.0 |
| 008 - FIXED-LENGTH DATA ELEMENTS--GENERAL INFORMATION | |
| fixed length control field | 161205b xxu||||| |||| 00| 0 eng d |
| 020 ## - INTERNATIONAL STANDARD BOOK NUMBER | |
| International Standard Book Number | 978-8182741874 |
| Terms of availability | Hbk |
| 020 ## - INTERNATIONAL STANDARD BOOK NUMBER | |
| International Standard Book Number | 978-8182741874 |
| Terms of availability | Hbk |
| 020 ## - INTERNATIONAL STANDARD BOOK NUMBER | |
| International Standard Book Number | 978-8182741874 |
| Terms of availability | Hbk |
| 020 ## - INTERNATIONAL STANDARD BOOK NUMBER | |
| International Standard Book Number | 978-8182741874 |
| Terms of availability | Hbk |
| 040 ## - CATALOGING SOURCE | |
| Transcribing agency | Nust |
| 041 ## - LANGUAGE CODE | |
| Language code of original | eng |
| 082 ## - DEWEY DECIMAL CLASSIFICATION NUMBER | |
| Classification number | 658.3003 |
| Author Mark | CHH |
| 100 ## - MAIN ENTRY--PERSONAL NAME | |
| Personal name | Suri and Chhabra |
| 245 ## - TITLE STATEMENT | |
| Title | Encyclopedia of organisation and human resource management |
| 260 ## - PUBLICATION, DISTRIBUTION, ETC. | |
| Place of publication, distribution, etc. | India: |
| Name of publisher, distributor, etc. | Pentagon press, |
| Date of publication, distribution, etc. | 2006. |
| 300 ## - PHYSICAL DESCRIPTION | |
| Extent | xvi, (Vol 1-4) |
| 500 ## - GENERAL NOTE | |
| General note | Encyclopedia |
| 650 ## - SUBJECT ADDED ENTRY--TOPICAL TERM | |
| Topical term or geographic name entry element | Encyclopedia |
| 650 ## - SUBJECT ADDED ENTRY--TOPICAL TERM | |
| Topical term or geographic name entry element | Organisation |
| 650 ## - SUBJECT ADDED ENTRY--TOPICAL TERM | |
| Topical term or geographic name entry element | Human resource management |
| 942 ## - ADDED ENTRY ELEMENTS (KOHA) | |
| Source of classification or shelving scheme | |
| Koha item type | Reference |
| Withdrawn status | Lost status | Source of classification or shelving scheme | Damaged status | Not for loan | Collection code | Permanent Location | Current Location | Shelving location | Date acquired | Source of acquisition | Total Checkouts | Full call number | Barcode | Date last seen | Copy number | Price effective from | Koha item type |
|---|---|---|---|---|---|---|---|---|---|---|---|---|---|---|---|---|---|
| Central Library (CL) | Central Library (CL) | Reference | 12/05/2016 | Purchased | 658.3003 CHH | CL2369 | 12/05/2016 | 1 | 12/05/2016 | Reference | |||||||
| Central Library (CL) | Central Library (CL) | Reference | 12/05/2016 | Purchased | 658.3003 CHH | CL2370 | 12/05/2016 | 2 | 12/05/2016 | Reference | |||||||
| Central Library (CL) | Central Library (CL) | Reference | 12/05/2016 | Purchased | 658.3003 CHH | CL2374 | 12/05/2016 | 3 | 12/05/2016 | Reference | |||||||
| Central Library (CL) | Central Library (CL) | Reference | 12/05/2016 | Purchased | 658.3003 CHH | CL2372 | 12/05/2016 | 4 | 12/05/2016 | Reference |
